Lý luận về tôn giáo và tình hình tôn giáo ở Việt Nam

Đã lưu trong:
Bibliografiske detaljer
Hovedforfatter: Đặng Nghiêm Vạn
Format: Bog
Sprog:Undetermined
Udgivet: Hà Nội CTQG. 2003
Fag:
Tags: Tilføj Tag
Ingen Tags, Vær først til at tagge denne postø!
Thư viện lưu trữ: Trung tâm Học liệu Trường Đại học Cần Thơ
LEADER 00537nam a2200193Ia 4500
001 CTU_62119
008 210402s9999 xx 000 0 und d
020 |b 45500 
082 |a 353.7 
082 |b V105 
100 |a Đặng Nghiêm Vạn 
245 0 |a Lý luận về tôn giáo và tình hình tôn giáo ở Việt Nam 
260 |a Hà Nội 
260 |b CTQG. 
260 |c 2003 
650 |a Religion 
650 |z Vietnam 
904 |i Mai Loan 
980 |a Trung tâm Học liệu Trường Đại học Cần Thơ